Time Series Analysis and Its Applications: With R Examples, Fourth Edition /

Gespeichert in:
Bibliographische Detailangaben
Hauptverfasser: Shumway, Robert H. (Verfasst von), Stoffer, David S. (Verfasst von)
Format: Buch
Sprache:Englisch
Veröffentlicht: Cham: Springer, 2017
Ausgabe:4. vyd.
Schriftenreihe:Springer Texts in Statistics
Schlagworte:
Tags: Tag hinzufügen
Keine Tags, Fügen Sie das erste Tag hinzu!

MARC

LEADER 00000nam a22000003a 4500
001 0104101
003 SK-STU
005 20230815091559.6
007 ta
008 230815s ----xo-----e------000-0-----d
020 |a 978-3-319-52451-1 
040 |a STU  |b slo 
041 0 |a eng  |h eng 
044 |a sz 
100 1 |a Shumway, Robert H.  |4 aut 
245 1 0 |a Time Series Analysis and Its Applications:  |b With R Examples, Fourth Edition /  |c aut. Robert H Shumway, David S Stoffer 
250 |a 4. vyd. 
260 |a Cham:  |b Springer,  |c 2017 
300 |a 562 s. 
490 0 |a Springer Texts in Statistics 
650 0 7 |a statistics 
650 0 7 |a models 
700 1 |a Stoffer, David S.  |4 aut 
996 |b 284V038011  |c V* 53541/O-24701  |l VVT  |s A  |a 24  |w 0104101_0001